000 00720cam a22002531 4500
001 sa 68013959
003 DLC
005 20260227112627.0
008 890811s1968 ii ac b 000 0 hino
010 _asa 68013959
035 _a(OCoLC)20162294
040 _aDLC
_cWaU
_dDLC
042 _apremarc
050 0 0 _aDS481.B59
_bM5
100 1 _aMishra, Anant,
_d1922-
245 1 0 _aViplavī Mahānāyaka Rāsabihārī Basu.
260 _c[1968]
300 _a2, 2, 6, 80 p.
_billus., ports.
_c22 cm.
500 _aIncludes some speeches of Rash Behari Bose.
500 _aIn Hindi.
504 _aBibliographical footnotes.
600 1 0 _aBose, Rash Behari,
_d1886-1945.
700 1 _aBose, Rash Behari,
_d1886-1945.
999 _c85469
_d85469